[Event "Manaus op 2nd"]
[Site "Manaus"]
[Date "2023.10.15"]
[Round "7"]
[White "Veiga, Ana Eduarda De Aqui"]
[Black "Carvalho, Rhianna Pietra Agui"]
[Result "1-0"]
[WhiteElo "1386"]
[BlackElo "1755"]
[PlyCount "107"]
[EventDate "2023.10.11"]
[EventType "swiss"]
[EventRounds "9"]
[EventCountry "BRA"]
[SourceTitle "Mega2024 Update 01"]
[Source "Chessbase"]
[SourceDate "2023.11.12"]
[SourceVersion "1"]
[SourceVersionDate "2023.11.12"]
[SourceQuality "1"]

1. e4 e5 2. Nf3 Nc6 3. Bb5 Nf6 4. d3 Bc5 5. Bxc6 bxc6 6. Nxe5 Qe7 7. Bf4 Bd6 8. d4 Nxe4 9. Qf3 Bxe5 10. Bxe5 Qb4+ 11. c3 Qxb2 12. Bxg7 Qc1+ 13. Qd1 Qxd1+ 14. Kxd1 Nxf2+ 15. Ke2 Nxh1 16. Bxh8 Ba6+ 17. Ke3 0-0-0 18. Bf6 Re8+ 19. Kf3 Re1 20. Bh4 Rf1+ 21. Kg4 Bd3 22. a4 Rxb1 23. Rxb1 Bxb1 24. Kf4 d5 25. g4 Kd7 26. Ke5 a5 27. Kf6 Kd6 28. Kxf7 Bc2 29. Kg7 Bxa4 30. Kxh7 Bc2+ 31. Kh6 a4 32. Bg5 a3 33. Bc1 a2 34. Bb2 Nf2 35. g5 Nd3 36. Ba1 Nc1 37. g6 Bxg6 38. Kxg6 c5 39. h4 cxd4 40. cxd4 c6 41. h5 c5 42. h6 cxd4 43. Bxd4 Nb3 44. Bb2 d4 45. h7 d3 46. h8Q d2 47. Qe5+ Kc6 48. Qe6+ Kb5 49. Qxb3+ Ka6 50. Qd3+ Ka7 51. Kf6 Ka8 52. Ke6 a1B 53. Bxa1 Ka7 54. Kd6 1-0

[Event "Amazonas-ch Absoluto (Women)"]
[Site "Manaus"]
[Date "2021.12.11"]
[Round "6"]
[White "Souza, Cristiane Correa"]
[Black "Veiga, Ana Eduarda De Aqui"]
[Result "0-1"]
[WhiteElo "1837"]
[BlackElo "1800"]
[PlyCount "97"]
[EventDate "2021.12.04"]
[EventType "swiss"]
[EventRounds "7"]
[EventCountry "BRA"]
[SourceTitle "EXT 2023"]
[Source "ChessBase"]
[SourceDate "2022.10.05"]
[SourceVersion "1"]
[SourceVersionDate "2022.10.05"]
[SourceQuality "1"]

1. e4 e5 2. Nf3 d6 3. Bc4 h6 4. d3 Nf6 5. 0-0 Nc6 6. Nc3 a6 7. d4 Qd7 8. dxe5 dxe5 9. Qxd7+ Bxd7 10. Re1 g5 11. Nd5 Nxd5 12. exd5 Nb4 13. Rxe5+ Be7 14. Re2 Bb5 15. Bxb5+ axb5 16. a3 Nxd5 17. Bd2 0-0 18. Re5 c6 19. Rc1 Bf6 20. Ree1 Bxb2 21. Rb1 Bxa3 22. h4 f6 23. hxg5 fxg5 24. Re6 Kg7 25. Rbe1 Rf7 26. Ne5 Re7 27. Ng4 Rxe6 28. Rxe6 h5 29. Nh6 g4 30. Bg5 Kf8 31. f4 gxf3 32. gxf3 Re8 33. Re4 Rxe4 34. fxe4 Ne7 35. Kg2 Kg7 36. Kh3 Ng6 37. Nf5+ Kf7 38. Ng3 h4 39. Nf5 Be7 40. Bxe7 Nxe7 41. Nd6+ Ke6 42. Nxb7 Ke5 43. Kxh4 Kxe4 44. Nd6+ Kd4 45. Kg4 Kc3 46. Nf5 Nxf5 47. Kxf5 Kxc2 48. Ke5 b4 49. Kd6 0-1